| 000 | 01257cam a22002774a 4500 | ||
|---|---|---|---|
| 999 |
_c29870 _d29870 |
||
| 001 | 15877011 | ||
| 005 | 20181004144111.0 | ||
| 008 | 090821s2011 at a 000 0 eng | ||
| 010 | _a 2009935400 | ||
| 020 | _a9780495016526 | ||
| 020 | _a0495016527 | ||
| 020 | _a9780495831587 | ||
| 040 | _aDLC | ||
| 050 | 0 | 0 |
_aQA276.2.P494 2009 _b.P494 2009 |
| 100 | 1 | _aPfenning, Nancy. | |
| 245 | 1 | 0 |
_aElementary statistics : _blooking at the big picture / _cNancy Pfenning. |
| 260 |
_aAustralia _aBoston, MA : _bBrooks/Cole, Cengage Learning, _cc2011. |
||
| 300 |
_axxiii, 735 p. : _bcol. ill. ; _c29 cm. |
||
| 650 | 0 |
_aStatistics _vProblems, exercises, etc. |
|
| 650 | 0 |
_aVariables (Mathematics) _vProblems, exercises, etc. |
|
| 856 | 4 | 2 |
_3Contributor biographical information _uhttp://www.loc.gov/catdir/enhancements/fy1105/2009935400-b.html |
| 856 | 4 | 2 |
_3Publisher description _uhttp://www.loc.gov/catdir/enhancements/fy1105/2009935400-d.html |
| 856 | 4 | 1 |
_3Table of contents only _uhttp://www.loc.gov/catdir/enhancements/fy1215/2009935400-t.html |
| 942 |
_2lcc _cBOOKS _hQA276.2.P494 2009 |
||